000 00660nam a2200253Ia 4500
003 OSt
005 20220918174815.0
006 a|||||r|||| 00| 0
007 ta
008 220917b |||||||| |||| 00| 0 eng d
024 _a14,216
037 _cTextual
040 _aARTS
_cARTS
_beng
041 _2eng
_aeng
082 _aNT1,N, N6
100 _aHuxley Michael
_951822
245 0 _aTwentieth-century performance reader
260 _aLondon
_bRoutledge
_c1996
300 _axx,421p.
_ccm.
650 _aARTS
700 _a Witts Noe
_951823
942 _hNT1,N, N6
_cTEXL
_2CC
999 _c154771
_d154771